| 000 | 00000nam##2200000za#4500 |
| 001 | 9.566304 |
| 003 | CaOODSP |
| 005 | 20210624180226 |
| 007 | cr ||||||||||| |
| 008 | 150406|2004||||xxc|||||o f|0| 0 eng|d |
| 040 | |aCaOODSP|beng |
| 043 | |an-cn--- |
| 086 | 1 |aTU3-5/04-5E-PDF |
| 110 | 2 |aTransportation Safety Board of Canada. |
| 245 | 10|aNosewheel axle failure - Air Canada Airbus A321–211, C–GJWI, Toronto/Lester B. Pearson International Airport, Toronto, Ontario, 19 January 2004 |h[electronic resource] |
| 260 | |aGatineau - Quebec : |bTransportation Safety Board of Canada |c[2005]. |
| 300 | |a7p.|billus., photographs |
| 490 | 1 |aAviation investigation report |vA04O0016 |
| 590 | |a10-05-Supp|b2010-07-20 |
| 690 | 07|aAircraft accidents|2gcpds |
| 775 | 08|tRupture de l'essieu du train avant de l'Airbus A321–211 C–GJWI exploité par Air Canada à l'aéroport international Lester B. Pearson de Toronto (Ontario), le 19 janvier 2004 |w(CaOODSP)9.597821 |
| 830 | #0|aAviation investigation report ;|vA04O0016|w(CaOODSP)9.504825 |
| 856 | 40|ahttp://publications.gc.ca|qPDF|s499 KB|uhttps://publications.gc.ca/collections/collection_2009/bst-tsb/TU3-5-04-5E.pdf|yA04O0016 |